000 00464nam a2200169Ia 4500
999 _c20188
_d20188
003 OSt
005 20200708110036.0
008 190216s9999||||xx |||||||||||||| ||und||
020 _a8122900135
040 _coclc
082 _a960.3
_bHAL/A
100 _aHallett, Robin
_93654
245 0 _aAfrica Since 1875 /
_cRobin Hallett
260 _bSurjeet Pubs,
_c1985.
_aDelhi:
300 _a773p
942 _cBK
_2ddc
_h960.3
_iHAL/A
_k960.3
_mHAL/A